Lutero

Lutero es una película biográfica del año 2003 sobre la vida de Martín Lutero (1483-1546). -- Narra la vida de Lutero desde que se convierte en un monje en 1505 hasta la Dieta de Augsburgo en 1530.

Guardado en:
Autor Principal: Till, Eric.
Autor Corporativo: Metro-Goldwyn-Mayer.
Otros Autores: Thomasson, Camille; Guion., Gavigan, Bart; Guion., Fiennes, Joseph; Reparto., Firth, Jonathan; Reparto.
Formato: Deslizar
Idioma:Undetermined
Publicado: Alemania : R.S., 2003.
Materias:
Etiquetas: Agregar Etiqueta
Sin Etiquetas, Sea el primero en etiquetar este registro!
LEADER 01080ngm a22002535a 4500
001 CEM.cems020538
008 231009s2003####xx#---############vlund#d
005 20231009205127.0
245 1 0 |a Lutero  |h [videograbación] /  |c Eric Till. 
260 |a Alemania :  |b R.S.,  |c 2003. 
300 |a 123'. 
520 |a Lutero es una película biográfica del año 2003 sobre la vida de Martín Lutero (1483-1546). -- Narra la vida de Lutero desde que se convierte en un monje en 1505 hasta la Dieta de Augsburgo en 1530. 
538 |a Soporte: DVD -- Formato: DVD – Peso: 4.24gb -- Resolución: 720 x 480 -- 29.97fps 
500 |a Título original: Luther – Idioma:. Inglés -- Subtítulo. Español. 
590 |a Identificación anterior: 225 
100 1 |a Till, Eric. 
700 1 |a Thomasson, Camille; Guion. 
700 1 |a Gavigan, Bart; Guion. 
700 1 |a Fiennes, Joseph; Reparto. 
700 1 |a Firth, Jonathan; Reparto. 
710 2 |a Metro-Goldwyn-Mayer. 
653 |a LARGOMETRAJE 
653 |a FICCIÓN 
859 |a CEMS  |b BIB. CEMS - Depto. Recursos Didacticos  |h 778.5  |i TIL  |k DRD  |p 3169.23  |t Ej.1